[Event "17th EUR-ch"]
[Site "Gjakova KOS"]
[Date "2016.05.13"]
[Round "2.14"]
[White "Piorun, Kacper"]
[Black "Gagunashvili, Merab"]
[Result "1/2-1/2"]
[WhiteElo "2681"]
[BlackElo "2569"]
[EventDate "2016.05.12"]
[PlyCount "92"]

1.e4 e5 2.Nf3 Nc6 3.Bb5 a6 4.Ba4 Nf6 5.O-O Be7 6.Re1 b5 7.Bb3 d6 8.a4 Bg4 
9.c3 O-O 10.d3 Na5 11.Bc2 c5 12.Nbd2 h6 13.Nf1 Nc6 14.h3 Be6 15.d4 exd4 
16.cxd4 cxd4 17.Nxd4 Nxd4 18.Qxd4 Rc8 19.Ne3 Nd7 20.axb5 axb5 21.Qd1 Bg5 
22.Bb3 Nc5 23.Bd5 Re8 24.f3 Bf4 25.Nf1 Bxc1 26.Rxc1 Qg5 27.Bxe6 Nxe6 28.
Qd2 Qxd2 29.Nxd2 Nf4 30.Kh2 Nd3 31.Rxc8 Rxc8 32.Re3 Nxb2 33.Rb3 Nc4 34.Nb1
Rc5 35.Rb4 d5 36.exd5 Nd6 37.Rd4 Kf8 38.Nd2 Ke7 39.Nb3 Rc2 40.Na5 Nc4 41.
Nb7 Rd2 42.d6+ Kd7 43.Nc5+ Kc6 44.Nd3 Kd7 45.Nc5+ Kc6 46.Nd3 Kd7 1/2-1/2

[Event "17th EUR-ch"]
[Site "Gjakova KOS"]
[Date "2016.05.13"]
[Round "2.15"]
[White "Oparin, Grigoriy"]
[Black "Korobov, Anton"]
[Result "1/2-1/2"]
[WhiteElo "2575"]
[BlackElo "2674"]
[EventDate "2016.05.12"]
[PlyCount "73"]

1.e4 c5 2.Nf3 d6 3.d4 cxd4 4.Nxd4 Nf6 5.Nc3 a6 6.Bg5 Nbd7 7.f4 Qc7 8.Qf3 
g6 9.O-O-O Bg7 10.h4 h6 11.Bxf6 Nxf6 12.e5 dxe5 13.fxe5 Qxe5 14.Nc6 bxc6 
15.Qxc6+ Nd7 16.Qxa8 O-O 17.Qe4 Qc5 18.Rd5 Qc6 19.Rd3 Qf6 20.Re3 Ne5 21.
Be2 Bf5 22.Qb7 Qd6 23.Nd5 Kh7 24.Rd1 Qc5 25.Rc3 Qf2 26.Qxa6 Be4 27.g3 Ng4 
28.h5 Bxd5 29.Rxd5 Bxc3 30.bxc3 Ne3 31.hxg6+ fxg6 32.Rd7 Qe1+ 33.Kb2 Rb8+ 
34.Rb7 Rxb7+ 35.Qxb7 Qxe2 36.Qxe7+ Kg8 37.Qe8+ 1/2-1/2

[Event "17th EUR-ch"]
[Site "Gjakova KOS"]
[Date "2016.05.13"]
[Round "2.16"]
[White "Steingrimsson, Hedinn"]
[Black "Nisipeanu, Liviu-Dieter"]
[Result "1/2-1/2"]
[WhiteElo "2574"]
[BlackElo "2669"]
[EventDate "2016.05.12"]
[PlyCount "84"]

1.d4 Nf6 2.c4 g6 3.Nc3 Bg7 4.e4 d6 5.Nf3 O-O 6.Be2 e5 7.dxe5 dxe5 8.Qxd8 
Rxd8 9.Bg5 Re8 10.Nd5 Nxd5 11.cxd5 c6 12.Bc4 cxd5 13.Bxd5 Nc6 14.O-O Be6 
15.Bxc6 bxc6 16.Rfc1 Reb8 17.b3 a5 18.Rxc6 a4 19.bxa4 Rxa4 20.Nd2 Rb2 21.
a3 h6 22.Be3 Bf8 23.f3 Bxa3 24.Rb1 Rxb1+ 25.Nxb1 Be7 26.Nc3 Ra1+ 27.Kf2 
Rh1 28.h3 Kg7 29.Ke2 Bb3 30.Rc7 Bd6 31.Rc6 Be7 32.Rc7 Bb4 33.Kf2 Ba5 34.
Rc5 Ra1 35.Rc6 Be6 36.Nd5 Be1+ 37.Ke2 Bg3 38.Rc1 Ra3 39.Rc2 Bd7 40.Rb2 Bc8
41.Nb4 h5 42.Bg5 Ba6+ 1/2-1/2

[Event "17th EUR-ch"]
[Site "Gjakova KOS"]
[Date "2016.05.13"]
[Round "2.17"]
[White "Laznicka, Viktor"]
[Black "Bortnyk, Olexandr"]
[Result "1-0"]
[WhiteElo "2668"]
[BlackElo "2565"]
[EventDate "2016.05.12"]
[PlyCount "127"]

1.d4 d6 2.Nf3 Nf6 3.c4 g6 4.g3 Bg7 5.Bg2 O-O 6.O-O Nbd7 7.Nc3 e5 8.h3 c6 
9.e4 Qb6 10.d5 cxd5 11.cxd5 Nc5 12.Nd2 Bd7 13.Qe2 Rfc8 14.Rd1 a5 15.Bf1 a4
16.Qf3 Qc7 17.Ndb1 b5 18.Bg5 Qd8 19.Nd2 Rab8 20.Rac1 h6 21.Be3 Kh7 22.b4 
axb3 23.axb3 Qa5 24.Rc2 Qb4 25.Rb1 Ra8 26.Na2 Qa3 27.Nc1 Qb4 28.Na2 Qa3 
29.Nc1 Qb4 30.Bxc5 dxc5 31.Nd3 Qd4 32.Rbc1 Kg8 33.Nc4 Nxe4 34.Nb6 Ng5 35.
Qe3 Bf5 36.Nxc8 Rxc8 37.Rxc5 Rd8 38.Qxd4 Nf3+ 39.Kh1 Nxd4 40.Re1 Nxb3 41.
Rxb5 Nd2 42.Nb4 Nxf1 43.g4 Bd7 44.Rb7 Ba4 45.Rxf1 Bb3 46.Kg1 Bxd5 47.Rd1 
Bxb7 48.Rxd8+ Bf8 49.Nd3 Bc6 50.Nxe5 Ba4 51.Nd7 Bxd7 52.Rxd7 Kg7 53.Kg2 
Bc5 54.Kg3 Bb6 55.f3 Be3 56.Rd5 Bb6 57.h4 Bc7+ 58.Kf2 Bf4 59.h5 Kf6 60.Ke2
Ke6 61.Rd4 Bg3 62.g5 gxh5 63.gxh6 Kf6 64.Rd8 1-0

[Event "17th EUR-ch"]
[Site "Gjakova KOS"]
[Date "2016.05.13"]
[Round "2.18"]
[White "Brunello, Sabino"]
[Black "Areschenko, Alexander"]
[Result "1/2-1/2"]
[WhiteElo "2573"]
[BlackElo "2667"]
[EventDate "2016.05.12"]
[PlyCount "52"]

1.d4 Nf6 2.c4 g6 3.Nf3 Bg7 4.g3 c6 5.Bg2 d5 6.O-O O-O 7.Qb3 Qb6 8.Nc3 Rd8 
9.Na4 Qxb3 10.axb3 Na6 11.Bf4 Bg4 12.Rfd1 Ne8 13.cxd5 cxd5 14.Nc3 Nb4 15.
Ne1 Be6 16.h3 h6 17.g4 g5 18.Bg3 h5 19.gxh5 Nf6 20.Nf3 Nxh5 21.Nxg5 Nxg3 
22.Nxe6 Nxe2+ 23.Nxe2 fxe6 24.Rac1 Nc6 25.Rc3 Rd6 26.f4 Kf7 1/2-1/2

[Event "17th EUR-ch"]
[Site "Gjakova KOS"]
[Date "2016.05.13"]
[Round "2.21"]
[White "Dreev, Alexei"]
[Black "Tari, Aryan"]
[Result "1-0"]
[WhiteElo "2662"]
[BlackElo "2558"]
[EventDate "2016.05.12"]
[PlyCount "63"]

1.d4 Nf6 2.c4 g6 3.Nc3 d5 4.Bf4 Bg7 5.e3 O-O 6.Rc1 Be6 7.Nf3 dxc4 8.Ng5 
Bd5 9.e4 h6 10.exd5 hxg5 11.Bxg5 Nxd5 12.Bxc4 Nb6 13.Bb3 Nc6 14.d5 Nd4 15.
O-O Qd7 16.Re1 Rfe8 17.h4 Rad8 18.a4 Nxb3 19.Qxb3 c6 20.dxc6 bxc6 21.Qb4 
Qd4 22.Bxe7 Qxb4 23.Bxb4 Rxe1+ 24.Rxe1 Rd4 25.Bc5 Rc4 26.Re8+ Kh7 27.Ne4 
Nxa4 28.Ng5+ Kh6 29.Nxf7+ Kh5 30.Be3 Nxb2 31.Bg5 Bd4 32.Kh2 1-0

[Event "17th EUR-ch"]
[Site "Gjakova KOS"]
[Date "2016.05.13"]
[Round "2.22"]
[White "Kovalev, Vladislav"]
[Black "Postny, Evgeny"]
[Result "1-0"]
[WhiteElo "2562"]
[BlackElo "2662"]
[EventDate "2016.05.12"]
[PlyCount "101"]

1.e4 c6 2.Be2 d5 3.e5 c5 4.f4 Nc6 5.Nf3 Bg4 6.O-O e6 7.d3 Nge7 8.Be3 Nf5 
9.Bf2 h5 10.Nbd2 g6 11.c4 Bxf3 12.Bxf3 Nfd4 13.Rc1 Be7 14.cxd5 exd5 15.Nb3
Nxf3+ 16.Qxf3 b6 17.d4 c4 18.Rxc4 Nxe5 19.dxe5 dxc4 20.Qc6+ Kf8 21.Nd4 Rc8
22.Qe4 Rc5 23.f5 Qd5 24.Qc2 gxf5 25.Nxf5 Qd3 26.Qxd3 cxd3 27.Nxe7 Kxe7 28.
Bxc5+ bxc5 29.Kf2 Ke6 30.Ke3 Rd8 31.Kd2 Rd7 32.Rf4 Kxe5 33.Rh4 f5 34.b3 a5
35.Rxh5 Rg7 36.g3 Ke4 37.Rh8 Rd7 38.Rh4+ Ke5 39.Rc4 Rd5 40.Ra4 Kd6 41.Rxa5
f4 42.gxf4 Rf5 43.Ra4 Rh5 44.Kxd3 Kd5 45.Re4 Rh3+ 46.Re3 Rxh2 47.Re5+ Kd6 
48.Re2 Rh3+ 49.Ke4 Rh5 50.Rd2+ Ke6 51.Rg2 1-0

[Event "17th EUR-ch"]
[Site "Gjakova KOS"]
[Date "2016.05.13"]
[Round "2.23"]
[White "Jobava, Baadur"]
[Black "Bogner, Sebastian"]
[Result "1-0"]
[WhiteElo "2661"]
[BlackElo "2555"]
[EventDate "2016.05.12"]
[PlyCount "51"]

1.e4 c5 2.Nf3 a6 3.g3 b5 4.a4 Bb7 5.d3 e6 6.Bg2 d6 7.O-O Nd7 8.Na3 Ngf6 9.
Bf4 e5 10.Bd2 Bc6 11.b4 Be7 12.axb5 axb5 13.c4 Rb8 14.bxc5 Nxc5 15.cxb5 
Bxb5 16.Nxb5 Rxb5 17.d4 Ncd7 18.Qe2 Qb8 19.Nh4 O-O 20.Nf5 Re8 21.g4 g6 22.
Nh6+ Kg7 23.g5 Nh5 24.Ra8 Qxa8 25.Qxb5 Qd8 26.Ba5 1-0

[Event "17th EUR-ch"]
[Site "Gjakova KOS"]
[Date "2016.05.13"]
[Round "2.24"]
[White "Can, Emre"]
[Black "Jones, Gawain"]
[Result "1/2-1/2"]
[WhiteElo "2557"]
[BlackElo "2657"]
[EventDate "2016.05.12"]
[PlyCount "82"]

1.d4 g6 2.c4 Bg7 3.e4 d6 4.Nf3 e5 5.Bg5 Ne7 6.Nc3 Nbc6 7.Nd5 h6 8.Bf6 Bxf6
9.Nxf6+ Kf8 10.dxe5 Kg7 11.exd6 Kxf6 12.dxe7 Qxe7 13.Qd2 Qxe4+ 14.Be2 Kg7 
15.Qc3+ Kh7 16.O-O Be6 17.Bd3 Qf4 18.Rfe1 Rhd8 19.Be4 a5 20.Re3 Qd6 21.
Rae1 Nd4 22.Bxb7 Rab8 23.c5 Nxf3+ 24.Bxf3 Qd2 25.Qe5 Bxa2 26.R3e2 Qb4 27.
h4 Re8 28.Qxc7 Rbc8 29.Qb6 Rxe2 30.Rxe2 Rxc5 31.Qf6 Rf5 32.Qd8 h5 33.Be4 
Rf4 34.f3 Qc5+ 35.Kh2 Bc4 36.Rc2 Qe5 37.g3 Rxe4 38.fxe4 Qxe4 39.Qd2 Be6 
40.Qe2 Qf5 41.Kg1 a4 1/2-1/2

[Event "17th EUR-ch"]
[Site "Gjakova KOS"]
[Date "2016.05.13"]
[Round "2.25"]
[White "Swiercz, Dariusz"]
[Black "Sturua, Zurab"]
[Result "0-1"]
[WhiteElo "2656"]
[BlackElo "2548"]
[EventDate "2016.05.12"]
[PlyCount "114"]

1.d4 Nf6 2.c4 e6 3.g3 d5 4.Nf3 Bb4+ 5.Bd2 Bd6 6.Nc3 Nbd7 7.cxd5 exd5 8.Nb5
Ne4 9.Nxd6+ Nxd6 10.Bg2 O-O 11.O-O Re8 12.Bf4 Nb6 13.Rc1 Bf5 14.Ne5 c6 15.
b3 Qe7 16.Re1 g5 17.Bd2 f6 18.Nd3 Bxd3 19.exd3 Qg7 20.Rf1 Nf5 21.Bc3 Qg6 
22.b4 a6 23.a4 Nd6 24.Bf3 Re6 25.Bh5 Qh6 26.f4 Nxa4 27.Bd2 Nb2 28.Qf3 f5 
29.fxg5 Qg7 30.Kh1 Rf8 31.Rc2 Qxd4 32.Bf4 Nb5 33.Re2 Rxe2 34.Qxe2 Nxd3 35.
Rf3 Qa1+ 36.Kg2 Nxf4+ 37.Rxf4 Qg7 38.Qe6+ Kh8 39.Rxf5 Rxf5 40.Qxf5 Qe7 41.
Qf6+ Qxf6 42.gxf6 Nc3 43.Kf3 Ne4 44.Bg4 b6 45.Bc8 a5 46.bxa5 bxa5 47.Bb7 
a4 48.Bxc6 Nc3 49.Bxa4 Nxa4 50.Kf4 Kg8 51.Ke5 Nb6 52.h3 Kf7 53.g4 Kg6 54.
g5 Kxg5 55.f7 Nd7+ 56.Kxd5 Kf6 57.Kd6 Nf8 0-1

[Event "17th EUR-ch"]
[Site "Gjakova KOS"]
[Date "2016.05.13"]
[Round "2.26"]
[White "Dvirnyy, Danyyil"]
[Black "Bartel, Mateusz"]
[Result "1/2-1/2"]
[WhiteElo "2552"]
[BlackElo "2653"]
[EventDate "2016.05.12"]
[PlyCount "48"]

1.d4 Nf6 2.c4 e6 3.Nc3 Bb4 4.Qc2 d5 5.a3 Bxc3+ 6.Qxc3 b6 7.Bg5 dxc4 8.Qxc4
Ba6 9.Qa4+ Qd7 10.Qxd7+ Nbxd7 11.Rc1 c5 12.Bxf6 gxf6 13.Nf3 Ke7 14.e3 Bb7 
15.Be2 Rhg8 16.g3 cxd4 17.exd4 Rac8 18.Kd2 Kd6 19.Rhd1 f5 20.Ne1 Nf6 21.
Nd3 Ke7 22.Rxc8 Rxc8 23.Rc1 Rxc1 24.Nxc1 Ne8 1/2-1/2

[Event "17th EUR-ch"]
[Site "Gjakova KOS"]
[Date "2016.05.13"]
[Round "2.27"]
[White "Saric, Ivan"]
[Black "Mastrovasilis, Athanasios"]
[Result "1-0"]
[WhiteElo "2650"]
[BlackElo "2542"]
[EventDate "2016.05.12"]
[PlyCount "125"]

1.g3 d5 2.Nf3 Bg4 3.Bg2 Nd7 4.d3 e5 5.Nbd2 Ngf6 6.h3 Bh5 7.g4 Bg6 8.Nh4 c6
9.e3 Bd6 10.Qe2 Qe7 11.a3 Nc5 12.b3 O-O-O 13.Bb2 Kb8 14.O-O-O e4 15.d4 Ne6
16.b4 a5 17.c3 Nd7 18.Nf5 Bxf5 19.gxf5 Nc7 20.f3 exf3 21.Qxf3 axb4 22.axb4
Nf6 23.Rde1 Rde8 24.Qd1 Bg3 25.Re2 Nb5 26.Bf3 Nd6 27.Qc2 Nfe4 28.Bxe4 Nxe4
29.Nxe4 Qxe4 30.Qxe4 Rxe4 31.Rg1 Bf4 32.Rxg7 Bxe3+ 33.Kd1 f6 34.b5 cxb5 
35.Ba3 Bf4 36.Rxe4 dxe4 37.Rg4 Bh2 38.Rxe4 Rc8 39.Bb4 Rc6 40.Re6 Kc7 41.
Kc2 h5 42.Kb3 Ra6 43.Be7 Kd7 44.Rxa6 bxa6 45.Bxf6 a5 46.Be5 Bg1 47.c4 
bxc4+ 48.Kxc4 Be3 49.Kb5 Bd2 50.d5 Bb4 51.Bb2 Kd6 52.Kc4 Bd2 53.f6 Kd7 54.
Ba3 Ke8 55.d6 Kd7 56.Kd5 Bc3 57.f7 Bg7 58.Bc5 a4 59.Bb4 h4 60.Ba3 Bf8 61.
Ke5 Bg7+ 62.Kf5 Bf8 63.Kg6 1-0

[Event "17th EUR-ch"]
[Site "Gjakova KOS"]
[Date "2016.05.13"]
[Round "2.28"]
[White "Boruchovsky, Avital"]
[Black "Grandelius, Nils"]
[Result "1/2-1/2"]
[WhiteElo "2542"]
[BlackElo "2649"]
[EventDate "2016.05.12"]
[PlyCount "107"]

1.e4 e5 2.Nf3 Nc6 3.Bb5 a6 4.Ba4 Nf6 5.O-O Be7 6.Re1 b5 7.Bb3 d6 8.c3 O-O 
9.h3 Na5 10.Bc2 c5 11.d4 Qc7 12.d5 Bd7 13.b3 Nb7 14.Be3 g6 15.Nbd2 Nh5 16.
Bd3 Bf6 17.Kh2 Bg7 18.Rc1 Rae8 19.g3 Qc8 20.Ng1 f5 21.exf5 Bxf5 22.Ne4 c4 
23.Bb1 Bxe4 24.Bxe4 Nc5 25.Qc2 Nf6 26.Bxc5 Nxe4 27.Be3 Nc5 28.bxc4 bxc4 
29.Rb1 Nd3 30.Rf1 Qa8 31.Qa4 Qxd5 32.Rb6 Rb8 33.Rxb8 Rxb8 34.Qxa6 Ra8 35.
Qb6 Rxa2 36.h4 h6 37.Rb1 Kh7 38.Nh3 Re2 39.Qb7 Qxb7 40.Rxb7 d5 41.Rd7 d4 
42.cxd4 c3 43.Ng1 Ra2 44.Kg2 Rd2 45.d5 Nb4 46.d6 Nd5 47.Bc5 c2 48.Ba3 Ne3+
49.Kf3 Nc4 50.Bc1 Rd3+ 51.Kg2 Rxd6 52.Rc7 Na5 53.Rxc2 Nc6 54.Ba3 1/2-1/2

[Event "17th EUR-ch"]
[Site "Gjakova KOS"]
[Date "2016.05.13"]
[Round "2.29"]
[White "Antal, Gergely"]
[Black "Ipatov, Alexander"]
[Result "0-1"]
[WhiteElo "2539"]
[BlackElo "2648"]
[EventDate "2016.05.12"]
[PlyCount "70"]

1.e4 e5 2.Nc3 Nf6 3.g3 d5 4.exd5 Nxd5 5.Bg2 Nxc3 6.bxc3 Bc5 7.Nf3 Nc6 8.
O-O O-O 9.d3 Bg4 10.Qe1 f6 11.Rb1 Qd7 12.Nd2 Bh3 13.Bxh3 Qxh3 14.Qe4 Bb6 
15.Nc4 Qe6 16.Rb5 Rad8 17.a4 f5 18.Qe2 Rde8 19.Re1 e4 20.Bf4 Qf7 21.Qd2 h6
22.h4 a6 23.Rbb1 Re6 24.d4 g5 25.d5 Rg6 26.h5 Rg7 27.Ne5 Qxh5 28.dxc6 gxf4
29.Qxf4 bxc6 30.a5 Bc5 31.Nxc6 Bxf2+ 32.Qxf2 f4 33.Rb8 Rxg3+ 34.Kf1 Rxb8 
35.Nxb8 Rf3 0-1

[Event "17th EUR-ch"]
[Site "Gjakova KOS"]
[Date "2016.05.13"]
[Round "2.30"]
[White "Stupak, Kirill"]
[Black "Zhigalko, Sergei"]
[Result "1/2-1/2"]
[WhiteElo "2535"]
[BlackElo "2647"]
[EventDate "2016.05.12"]
[PlyCount "61"]

1.d4 d5 2.c4 e6 3.Nf3 c6 4.Qc2 dxc4 5.Qxc4 Nf6 6.Bg5 b5 7.Qc2 Bb7 8.e3 
Nbd7 9.Nbd2 Rc8 10.Be2 a6 11.a4 Be7 12.O-O O-O 13.Nb3 c5 14.Bxf6 gxf6 15.
dxc5 Nxc5 16.axb5 axb5 17.Bxb5 Be4 18.Qc3 Nxb3 19.Qxb3 Bxf3 20.gxf3 Qb6 
21.Bc4 Qxb3 22.Bxb3 Rb8 23.Bc4 Rxb2 24.Rfb1 Rxb1+ 25.Rxb1 Rc8 26.Rc1 Rc5 
27.f4 f5 28.Rc2 Kg7 29.Bd3 Rxc2 30.Bxc2 Kf6 31.Kg2 1/2-1/2

[Event "17th EUR-ch"]
[Site "Gjakova KOS"]
[Date "2016.05.13"]
[Round "2.31"]
[White "Kobalia, Mikhail"]
[Black "Sanikidze, Tornike"]
[Result "1/2-1/2"]
[WhiteElo "2646"]
[BlackElo "2537"]
[EventDate "2016.05.12"]
[PlyCount "91"]

1.Nf3 Nf6 2.c4 e6 3.g3 d5 4.Bg2 dxc4 5.Qa4+ Nbd7 6.Qxc4 c5 7.d3 Bd6 8.a4 
O-O 9.Nc3 a6 10.a5 b5 11.axb6 Nxb6 12.Qb3 Rb8 13.Nd2 Nfd5 14.O-O Qc7 15.
Nc4 Nxc4 16.Qxc4 Nb6 17.Qa2 c4 18.d4 f5 19.Bd2 e5 20.dxe5 Bxe5 21.Be3 f4 
22.Bxb6 Qxb6 23.Qxc4+ Kh8 24.Nd5 Qxb2 25.Nxf4 Bxf4 26.gxf4 Rb4 27.Ra2 Rxc4
28.Rxb2 Rcxf4 29.Rc1 Be6 30.Rc6 Bg8 31.Bf3 a5 32.Ra6 a4 33.Rb7 Bb3 34.Raa7
Rg8 35.Kg2 Rf5 36.h4 Rf6 37.h5 Rf5 38.h6 Rg5+ 39.Kh3 Rg6 40.hxg7+ R6xg7 
41.Rxg7 Rxg7 42.Ra5 Rg1 43.Bd5 Bxd5 44.Rxd5 a3 45.Ra5 Ra1 46.Ra7 1/2-1/2

[Event "17th EUR-ch"]
[Site "Gjakova KOS"]
[Date "2016.05.13"]
[Round "2.32"]
[White "Stocek, Jiri"]
[Black "Melkumian, Hrant"]
[Result "1/2-1/2"]
[WhiteElo "2531"]
[BlackElo "2646"]
[EventDate "2016.05.12"]
[PlyCount "119"]

1.d4 Nf6 2.c4 g6 3.Nc3 d5 4.Nf3 Bg7 5.Qb3 dxc4 6.Qxc4 Be6 7.Qd3 c5 8.e4 
cxd4 9.Nxd4 O-O 10.Nxe6 fxe6 11.Qxd8 Rxd8 12.Bc4 Nc6 13.Bxe6+ Kf8 14.O-O 
Nd7 15.Be3 Nd4 16.Bxd7 Rxd7 17.Rac1 Rad8 18.f3 Nc6 19.Rfd1 a6 20.Rxd7 Rxd7
21.Kf1 Nb4 22.Ke2 Ke8 23.Rd1 b5 24.Rxd7 Kxd7 25.Kd2 e6 26.a3 Nc6 27.Kc2 
Bf8 28.a4 Nb4+ 29.Kd2 bxa4 30.Nxa4 Kc6 31.Nc3 Bc5 32.Bg5 Bd6 33.g3 Kc5 34.
b3 Nc6 35.Na2 Be5 36.Bh6 Kb5 37.Be3 Bd4 38.f4 Bxe3+ 39.Kxe3 Na5 40.Nc1 Kb4
41.g4 Kc3 42.f5 exf5 43.gxf5 gxf5 44.exf5 Nb7 45.f6 Nd8 46.Ke4 a5 47.Ne2+ 
Kxb3 48.Nd4+ Ka4 49.Kd5 Nf7 50.Ke6 Nh8 51.f7 Nxf7 52.Kxf7 Ka3 53.h4 a4 54.
h5 Kb4 55.h6 Kc4 56.Kg7 a3 57.Kxh7 a2 58.Nc2 Kb3 59.Na1+ Kb2 60.Kg8 
1/2-1/2

[Event "17th EUR-ch"]
[Site "Gjakova KOS"]
[Date "2016.05.13"]
[Round "2.34"]
[White "Svane, Rasmus"]
[Black "Kovalenko, Igor"]
[Result "1/2-1/2"]
[WhiteElo "2526"]
[BlackElo "2644"]
[EventDate "2016.05.12"]
[PlyCount "127"]

1.Nf3 d5 2.d4 Nf6 3.c4 e6 4.Nc3 Be7 5.Bf4 O-O 6.Rc1 dxc4 7.e3 a6 8.Bxc4 b5
9.Bd3 Bb7 10.Qc2 Nbd7 11.Ng5 h6 12.Nh7 Re8 13.Nxf6+ Bxf6 14.Bh7+ Kh8 15.
Be4 Bxe4 16.Nxe4 e5 17.dxe5 Bxe5 18.O-O Bxf4 19.exf4 Qe7 20.Qxc7 Qxe4 21.
Qxd7 Qxf4 22.Rfe1 Red8 23.Qc7 Qf6 24.Re2 Rd6 25.Rce1 Rad8 26.Qc2 g6 27.g3 
Kg7 28.b3 h5 29.Qb2 Rd4 30.h4 b4 31.Re4 a5 32.Rxd4 Rxd4 33.Qe2 Rd5 34.Kg2 
Qd4 35.Qe7 Rc5 36.Rd1 Qe5 37.Qxe5+ Rxe5 38.Kf3 Kf6 39.Rd6+ Kf5 40.Rd4 Rc5 
41.Ke3 f6 42.Rf4+ Ke6 43.Re4+ Kf7 44.Kd3 g5 45.Rc4 Rd5+ 46.Ke3 Re5+ 47.Kd3
Kg6 48.hxg5 Rxg5 49.Ke3 Re5+ 50.Kd3 Rd5+ 51.Ke3 Kg5 52.Ke2 f5 53.Rc8 Kg4 
54.Rc4+ Kh3 55.Kf3 Rd3+ 56.Ke2 Rc3 57.Rh4+ Kg2 58.Rxh5 Rc2+ 59.Ke3 Rxa2 
60.Rxf5 Ra3 61.Kd4 Rxb3 62.Rxa5 Kxf2 63.Kc4 Rxg3 64.Kxb4 1/2-1/2

[Event "17th EUR-ch"]
[Site "Gjakova KOS"]
[Date "2016.05.13"]
[Round "2.35"]
[White "Volokytin, Andriy"]
[Black "Blomqvist, Erik"]
[Result "1/2-1/2"]
[WhiteElo "2642"]
[BlackElo "2526"]
[EventDate "2016.05.12"]
[PlyCount "25"]

1.e4 c5 2.Nf3 e6 3.d4 cxd4 4.Nxd4 Nc6 5.Nc3 Qc7 6.f4 a6 7.Nxc6 bxc6 8.Qf3 
d5 9.Be3 Nf6 10.O-O-O Bb7 11.Bd3 c5 12.exd5 exd5 13.Bf2 1/2-1/2

[Event "17th EUR-ch"]
[Site "Gjakova KOS"]
[Date "2016.05.13"]
[Round "2.36"]
[White "Andersen, Mads"]
[Black "Kravtsiv, Martyn"]
[Result "1/2-1/2"]
[WhiteElo "2505"]
[BlackElo "2641"]
[EventDate "2016.05.12"]
[PlyCount "42"]

1.e4 e5 2.Nf3 Nc6 3.Bb5 a6 4.Bxc6 dxc6 5.O-O f6 6.d4 Bg4 7.c3 Bd6 8.Be3 
Ne7 9.dxe5 fxe5 10.Nbd2 O-O 11.Qb3+ Kh8 12.c4 b6 13.c5 bxc5 14.Rfc1 Ng6 
15.Ne1 Nf4 16.Bxf4 exf4 17.Qc3 Re8 18.Nc4 Qg5 19.f3 Be6 20.Nd3 Rad8 21.Na5
c4 1/2-1/2

[Event "17th EUR-ch"]
[Site "Gjakova KOS"]
[Date "2016.05.13"]
[Round "2.37"]
[White "Romanov, Evgeny"]
[Black "Esen, Baris"]
[Result "1-0"]
[WhiteElo "2641"]
[BlackElo "2508"]
[EventDate "2016.05.12"]
[PlyCount "117"]

1.d4 Nf6 2.Nf3 g6 3.Bg5 Ne4 4.Bh4 d5 5.Nbd2 c5 6.e3 Qb6 7.c4 Be6 8.dxc5 
Nxc5 9.Nd4 Bg7 10.Rc1 Nc6 11.Nxe6 fxe6 12.cxd5 Ne5 13.Rc3 exd5 14.Be2 Ned7
15.Rc2 Bxb2 16.O-O Bf6 17.Bxf6 Qxf6 18.Bb5 O-O 19.e4 dxe4 20.Bxd7 Nxd7 21.
Nxe4 Qf4 22.Re1 Nf6 23.g3 Qf5 24.Rc5 Qe6 25.Ng5 Qxa2 26.Ne6 Rf7 27.Re2 Qa3
28.Rec2 h6 29.Qb1 Kh7 30.Qxb7 Re8 31.h4 Qa1+ 32.Kg2 Qe1 33.Qb3 Kg8 34.Rc8 
Qe4+ 35.f3 Qe5 36.Rxe8+ Nxe8 37.Nd8 Nd6 38.Nxf7 Nxf7 39.Rc8+ Kg7 40.Qc3 
Qf6 41.Rc6 Qxc3 42.Rxc3 Nd6 43.Rc7 Nf5 44.g4 Nxh4+ 45.Kg3 g5 46.Rxe7+ Kg8 
47.Rxa7 Ng6 48.Kf2 Kh8 49.Ke3 Kg8 50.Ke4 Kh8 51.Kf5 Nh4+ 52.Kf6 Kg8 53.Ra4
Kh7 54.f4 gxf4 55.Rxf4 Ng6 56.Re4 Nh4 57.Re7+ Kg8 58.Re3 Ng2 59.Rh3 1-0

[Event "17th EUR-ch"]
[Site "Gjakova KOS"]
[Date "2016.05.13"]
[Round "2.38"]
[White "Neverov, Valeriy"]
[Black "Georgiev, Kiril"]
[Result "1/2-1/2"]
[WhiteElo "2498"]
[BlackElo "2640"]
[EventDate "2016.05.12"]
[PlyCount "109"]

1.d4 Nf6 2.Nf3 b6 3.Bg5 Bb7 4.Nc3 e6 5.e4 Be7 6.Bd3 d5 7.e5 Ne4 8.Bxe7 
Qxe7 9.O-O Nxc3 10.bxc3 c5 11.Re1 O-O 12.Qc1 Ba6 13.Qa3 Bxd3 14.cxd3 Nc6 
15.dxc5 bxc5 16.Rab1 Rab8 17.h4 h6 18.d4 cxd4 19.Qxe7 Nxe7 20.cxd4 Rfc8 
21.Rxb8 Rxb8 22.Rc1 Rb4 23.Rc7 Nf5 24.Rxa7 g6 25.g3 Nxd4 26.Nxd4 Rxd4 27.
Kg2 g5 28.hxg5 hxg5 29.f3 Kg7 30.a4 g4 31.f4 Rd2+ 32.Kf1 Kg6 33.a5 Ra2 34.
a6 Kf5 35.Rxf7+ Ke4 36.f5 exf5 37.e6 Rxa6 38.Rf6 Ra7 39.Rf7 Ra8 40.e7 Re8 
41.Ke2 Ke5 42.Ke3 Ke6 43.Rf8 Rxe7 44.Kf4 Kd6 45.Kxf5 Re4 46.Rg8 Kc5 47.
Rxg4 Re8 48.Rg7 Rd8 49.Rc7+ Kd6 50.Rf7 Re8 51.Rf6+ Kc5 52.Rf7 d4 53.Rd7 
Kc4 54.g4 d3 55.g5 1/2-1/2

[Event "17th EUR-ch"]
[Site "Gjakova KOS"]
[Date "2016.05.13"]
[Round "2.39"]
[White "Berkes, Ferenc"]
[Black "Deac, Bogdan-Daniel"]
[Result "1-0"]
[WhiteElo "2636"]
[BlackElo "2501"]
[EventDate "2016.05.12"]
[PlyCount "67"]

1.d4 Nf6 2.Bf4 g6 3.Nc3 d5 4.e3 Bg7 5.Nb5 Na6 6.h3 c6 7.Nc3 Nc7 8.Bd3 Ne6 
9.Be5 Nd7 10.Bxg7 Nxg7 11.Nf3 Qb6 12.Rb1 O-O 13.O-O Nf6 14.Re1 Nf5 15.b4 
Nd6 16.b5 Qc7 17.bxc6 Qxc6 18.Rb3 Qc7 19.Ne5 Be6 20.Ne2 Bd7 21.Nf4 Ba4 22.
Rb1 Rac8 23.Rc1 Qa5 24.h4 Rc7 25.Qf3 Bxc2 26.Bxc2 Rxc2 27.Rxc2 Qxe1+ 28.
Kh2 Qa5 29.h5 Nde4 30.hxg6 hxg6 31.Qh3 Qa4 32.Nfxg6 Kg7 33.Nxe7 Nd6 34.
Qg3+ 1-0

[Event "17th EUR-ch"]
[Site "Gjakova KOS"]
[Date "2016.05.13"]
[Round "2.40"]
[White "Gasanov, Eldar"]
[Black "Hovhannisyan, Robert"]
[Result "0-1"]
[WhiteElo "2496"]
[BlackElo "2632"]
[EventDate "2016.05.12"]
[PlyCount "170"]

1.d4 d5 2.c4 c6 3.Nc3 Nf6 4.e3 e6 5.Nf3 Nbd7 6.Qc2 Bd6 7.b3 O-O 8.Be2 b6 
9.O-O Bb7 10.Bb2 Qe7 11.Rad1 Rad8 12.Rfe1 Rfe8 13.g3 a6 14.Bf1 Bb4 15.Bg2 
h6 16.Re2 a5 17.Qc1 Ba6 18.Nb1 a4 19.Rc2 axb3 20.axb3 c5 21.Nbd2 dxc4 22.
Nxc4 Bb7 23.Nfe5 Bxg2 24.Kxg2 Nxe5 25.dxe5 Ne4 26.f3 b5 27.Na3 Rxd1 28.
Qxd1 Rd8 29.Qe2 c4 30.bxc4 Bxa3 31.fxe4 Bxb2 32.Rxb2 b4 33.Qe1 Rb8 34.Qd2 
b3 35.Qc3 Qb7 36.Kf3 g5 37.c5 Qa6 38.Kf2 Kg7 39.c6 Rc8 40.c7 Qa7 41.Qxb3 
Qxc7 42.Qd1 Qc3 43.Ra2 Rc4 44.Qf3 Qxe5 45.Kg2 Qxe4 46.Qxe4 Rxe4 47.Kf3 Rb4
48.g4 h5 49.gxh5 Rh4 50.Kg3 Rxh5 51.Ra4 Kg6 52.h3 Rh8 53.Ra5 f5 54.Rb5 Kf6
55.Ra5 Rb8 56.Ra3 Rb4 57.Kf3 Rc4 58.Rb3 Ra4 59.Rc3 Rh4 60.Kg3 Ke5 61.Rc6 
Kd5 62.Ra6 e5 63.Rg6 Rh5 64.Ra6 Rh8 65.Ra4 f4+ 66.Kg4 fxe3 67.Kf3 Rxh3+ 
68.Ke2 Ke6 69.Rb4 Kf5 70.Ra4 Rh4 71.Ra8 Kf4 72.Ra4+ e4 73.Ra8 Rh2+ 74.Ke1 
g4 75.Rf8+ Kg3 76.Re8 Ra2 77.Rg8 e2 78.Rf8 Ra1+ 79.Kxe2 Kg2 80.Rf4 g3 81.
Rxe4 Kh2 82.Rh4+ Kg1 83.Rh8 g2 84.Rh7 Ra5 85.Re7 Rh5 0-1

[Event "17th EUR-ch"]
[Site "Gjakova KOS"]
[Date "2016.05.13"]
[Round "2.41"]
[White "Onischuk, Vladimir"]
[Black "Nakar, Eylon"]
[Result "1-0"]
[WhiteElo "2628"]
[BlackElo "2498"]
[EventDate "2016.05.12"]
[PlyCount "114"]

1.d4 Nf6 2.c4 e6 3.g3 d5 4.Nf3 Bb4+ 5.Bd2 Be7 6.Bg2 O-O 7.O-O c6 8.b3 Nbd7
9.Nc3 b6 10.Re1 Ba6 11.e4 dxc4 12.Bf1 b5 13.bxc4 bxc4 14.Qa4 Bb7 15.Rab1 
Nb6 16.Qa5 Qc8 17.Bh3 Nfd7 18.Bf4 Re8 19.Ne5 Nxe5 20.Bxe5 Rd8 21.Red1 Rd7 
22.Bg4 Qf8 23.h4 Bd8 24.Qb4 Be7 25.Qb2 Ba3 26.Qc2 Rad8 27.Ne2 Qe7 28.Qc3 
Ba6 29.Qa5 Bb5 30.Nc3 Bd6 31.Bxd6 Rxd6 32.a4 Nxa4 33.Nxa4 Rxd4 34.Rxd4 
Rxd4 35.Nc3 a6 36.Rd1 Rxd1+ 37.Bxd1 Qd6 38.Qb6 g6 39.Qe3 e5 40.h5 Qd4 41.
Qc1 Kg7 42.h6+ Kf6 43.Kg2 Qd6 44.f4 Ke7 45.f5 Kf8 46.Qe3 Qd4 47.Qc1 Qd6 
48.g4 Kg8 49.g5 Qd8 50.f6 Qd6 51.Qe3 Qd4 52.Qh3 Qd2+ 53.Kf1 Qd8 54.Ke1 Kf8
55.Na4 Ke8 56.Qa3 Qa5+ 57.Qc3 Qc7 1-0

[Event "17th EUR-ch"]
[Site "Gjakova KOS"]
[Date "2016.05.13"]
[Round "2.42"]
[White "Valsecchi, Alessio"]
[Black "Beliavsky, Alexander"]
[Result "1/2-1/2"]
[WhiteElo "2494"]
[BlackElo "2624"]
[EventDate "2016.05.12"]
[PlyCount "95"]

1.Nf3 Nf6 2.c4 c5 3.Nc3 d5 4.cxd5 Nxd5 5.e4 Nb4 6.Bc4 Nd3+ 7.Ke2 Nf4+ 8.
Kf1 Ne6 9.Ne5 Nc6 10.Nxc6 bxc6 11.d3 g6 12.Be3 Bg7 13.Qd2 O-O 14.h4 h5 15.
Rc1 Kh7 16.Kg1 Nd4 17.Re1 Qa5 18.e5 Rb8 19.Bg5 Qc7 20.Bf4 Bf5 21.Ne4 Bxe4 
22.Rxe4 e6 23.b3 a5 24.Qd1 a4 25.g4 axb3 26.axb3 Bh6 27.Bxh6 Kxh6 28.Rh3 
Rh8 29.Rg3 Rbg8 30.b4 hxg4 31.Rgxg4 Nf5 32.bxc5 Kg7 33.Qd2 Rh5 34.d4 Rgh8 
35.Be2 Qd8 36.Ref4 Rxh4 37.Bf3 Rxg4+ 38.Rxg4 Qb8 39.Qd1 Qb5 40.Be4 Rd8 41.
Bxf5 exf5 42.Rh4 Qc4 43.Qd2 Rh8 44.Qg5 Rxh4 45.Qf6+ Kg8 46.Qd8+ Kg7 47.
Qf6+ Kg8 48.Qd8+ 1/2-1/2